| 000 | 00433nam a2200145 4500 | ||
|---|---|---|---|
| 001 | 122951 | ||
| 003 | ES-MaACL | ||
| 007 | t| | ||
| 008 | 070214s1974 sp r ||||0| spa d | ||
| 100 | 1 |
_aPurcalla Muñoz, José. _994418 |
|
| 245 | 1 | 0 |
_aCien años de atentados políticos / _cJosé Purcalla Muñoz. |
| 260 |
_aBarcelona : _bCírculo de Lectores, _c1974. |
||
| 300 |
_a280 p : _bil ; _c21 cm. |
||
| 852 |
_aES-MaACL _jE-6838 _bR.91265 |
||
| 999 |
_c122951 _d122951 |
||